Score 0/20 Timer 02:00
0 Plays Today
Job % Correct
Wizard
95.6%
Priest
93.8%
Knight
91.1%
Archer
85.6%
Ninja
84.6%
Squire
84.3%
Summoner
82.3%
Lancer
82%
Chemist
77.9%
Monk
77%
Job % Correct
Samurai
76.3%
Time Mage
73.7%
Thief
72.6%
Bard
71.4%
Dancer
70.4%
Geomancer
70.1%
Calculator
69.3%
Oracle
63.9%
Mime
62.7%
Mediator
60.5%
Remove Ads.
Support Sporcle.
Get the best of Sporcle when you Go Orange. This ad-free experience offers more features, more stats, and more fun while also helping to support Sporcle. Thank you for becoming a member.

You're not logged in!

Compare scores with friends on all Sporcle quizzes.
OR
Log In

Show Comments

Extras

Top Quizzes Today


Score Distribution

Your Account Isn't Verified!

In order to create a playlist on Sporcle, you need to verify the email address you used during registration. Go to your Sporcle Settings to finish the process.

Report this User

Report this user for behavior that violates our Community Guidelines.

Details: